000
00350nam a22001577a 4500
003
MPLRDC
005
20220104114128.0
008
210129b ||||| |||| 00| 0 eng d
082
_a
782.878 HYJ
100
_a
不详
245
_a
霍元甲传
_c
260
_a
_b
大台北出版社
_c
1986
300
_b
平
650
_a
942
_c
BK
_o
782.878 HYJ
999
_c
5036
_d
5026